[Event "C.to Provinciale VA"]
[Site "Gallarate ITA"]
[Date "2007.01.21"]
[Round "2"]
[White "Brioschi, Camillo"]
[Black "Lanza, Francesco Paolo"]
[Result "1/2-1/2"]
[WhiteElo "2021"]
[BlackElo "1610"]
[PlyCount "120"]
[EventDate "2007.01.20"]

1. d4 e6 2. Nf3 b6 3. e4 Bb7 4. Bd3 d6 5. c4 c5 6. Nc3 cxd4 7. Nxd4 Nf6 8. O-O
Be7 9. Be3 Nbd7 10. Rc1 Ne5 11. f3 Nxd3 12. Qxd3 O-O 13. Rfd1 Rc8 14. Ndb5 a6
15. Nxd6 Bxd6 16. Qxd6 Qxd6 17. Rxd6 Rxc4 18. Rxb6 Rc7 19. Rd1 Rfc8 20. Bf4 Re7
21. Rbd6 h6 22. Be5 Bc6 23. Rd8+ Re8 24. Bxf6 gxf6 25. R8d6 Kf8 26. Kf2 Ke7 27.
Ke3 Rc7 28. R1d2 a5 29. R6d4 Rb8 30. b3 Rbc8 31. Na4 e5 32. Rc4 Bb5 33. Rxc7+
Rxc7 34. Rd5 Bxa4 35. bxa4 Rc3+ 36. Kf2 Rc2+ 37. Kg3 Rxa2 38. Rxa5 Kf8 39. Ra8+
Kg7 40. a5 Kg6 41. a6 Kh7 42. a7 Kg7 43. Kh4 Kh7 44. h3 Kg7 45. g3 Kh7 46. Kg4
Kg7 47. Kf5 Ra3 48. Kg4 Kh7 49. h4 Kg7 50. f4 Ra4 51. fxe5 Rxe4+ 52. Kf3 Ra4
53. exf6+ Kxf6 54. Rh8 Rxa7 55. Rxh6+ Kg7 56. Rb6 Ra4 57. Kg2 Rd4 58. Kh3 f6
59. h5 Re4 60. g4 Rc4 1/2-1/2

[Event "C.to Provinciale VA"]
[Site "Gallarate ITA"]
[Date "2007.01.21"]
[Round "2"]
[White "Cardani, Roberto"]
[Black "Cesarano, Marco"]
[Result "1-0"]
[WhiteElo "1887"]
[BlackElo "1782"]
[PlyCount "57"]
[EventDate "2007.01.20"]

1. e4 c5 2. Nf3 d6 3. d4 cxd4 4. Nxd4 Nf6 5. Nc3 g6 6. Be3 Bg7 7. f3 Nc6 8. Qd2
O-O 9. Bc4 Bd7 10. O-O-O Rc8 11. Bb3 Ne5 12. h4 Nc4 13. Bxc4 Rxc4 14. h5 Nxh5
15. g4 Nf6 16. Bh6 Nxe4 17. Qe3 Rxc3 18. bxc3 Nf6 19. Bxg7 Kxg7 20. Rh2 Rg8 21.
Ne2 Kh8 22. Qxa7 Qa8 23. Qd4 Qa3+ 24. Kd2 e5 25. Qb4 Qa6 26. Kc1 Ne8 27. g5 Be6
28. Rxh7+ Kxh7 29. Qh4+ 1-0

[Event "C.to Provinciale VA"]
[Site "Gallarate ITA"]
[Date "2007.01.21"]
[Round "2"]
[White "Schingaro, Angelo"]
[Black "Centofante, Maria Rosa"]
[Result "0-1"]
[WhiteElo "1728"]
[BlackElo "1529"]
[PlyCount "100"]
[EventDate "2007.01.20"]

1. e4 d5 2. exd5 Qxd5 3. Nc3 Qa5 4. d4 Nf6 5. Nf3 c6 6. Bd2 Qc7 7. Bc4 Bg4 8.
h3 Bh5 9. Qe2 e6 10. O-O Bd6 11. a4 O-O 12. Rfe1 Re8 13. Bd3 Bxf3 14. Qxf3 Nbd7
15. Ne4 Nxe4 16. Rxe4 f5 17. Re2 Nf6 18. Rae1 Qf7 19. Bc4 Nd5 20. c3 h6 21. g4
Re7 22. gxf5 exf5 23. Bxd5 cxd5 24. Rxe7 Bxe7 25. Re5 Qg6+ 26. Qg2 Qf6 27.
Qxd5+ Kh7 28. Qxb7 Re8 29. Qd7 Qg6+ 30. Kf1 Qf7 31. Qxf5+ Qxf5 32. Rxf5 Bf6 33.
b4 Kg6 34. Rf3 Rc8 35. b5 Rc4 36. a5 Ra4 37. b6 Rxa5 38. bxa7 Rxa7 39. Ke2 Rd7
40. Rd3 Kf5 41. f3 Ke6 42. Be3 Kd5 43. Rd1 Kc4 44. Kd2 Be7 45. Kc2 Bf6 46. Ra1
Kb5 47. Kd3 Rc7 48. Rb1+ Ka6 49. c4 Rd7 50. d5 Be5 0-1

[Event "C.to Provinciale VA"]
[Site "Gallarate ITA"]
[Date "2007.01.21"]
[Round "2"]
[White "Tomassoni, Leonardo"]
[Black "D'Aulisa, Francesco"]
[Result "0-1"]
[WhiteElo "2024"]
[BlackElo "1856"]
[PlyCount "66"]
[EventDate "2007.01.20"]

1. e4 d6 2. d4 e6 3. Nf3 h6 4. c4 Nd7 5. Nc3 b6 6. Be2 Ne7 7. O-O Bb7 8. Be3 a6
9. Rc1 g5 10. d5 e5 11. h3 Ng6 12. Nh2 Be7 13. g3 Bc8 14. b4 Nf6 15. Ng4 Bd7
16. Kg2 Qc8 17. Rh1 Kf8 18. Nxf6 Bxf6 19. c5 Rg8 20. cxd6 Nf4+ 21. Bxf4 gxf4
22. g4 cxd6 23. Nb5 Qb8 24. Nc7 Ra7 25. Nxa6 Qd8 26. b5 Bh4 27. Rc3 f5 28. exf5
Bxf5 29. f3 e4 30. fxe4 Bxe4+ 31. Bf3 Qf6 32. Rc8+ Kf7 33. Rxg8 Qb2+ 0-1

[Event "C.to Provinciale VA"]
[Site "Gallarate ITA"]
[Date "2007.01.21"]
[Round "3"]
[White "Centofante, Maria Rosa"]
[Black "Tomassoni, Leonardo"]
[Result "0-1"]
[WhiteElo "1529"]
[BlackElo "2024"]
[PlyCount "94"]
[EventDate "2007.01.20"]

1. d4 Nf6 2. Nf3 g6 3. c4 c5 4. d5 e6 5. Nc3 exd5 6. cxd5 d6 7. e4 a6 8. Bg5
Bg7 9. Rb1 b5 10. b3 O-O 11. Bd3 Re8 12. O-O Bg4 13. h3 Bd7 14. Re1 Qc7 15. Qc2
Bc8 16. Ne2 Nbd7 17. Ng3 Nb6 18. Nd2 Nfd7 19. f4 Bd4+ 20. Kh1 Bf2 21. Bh4 Bxe1
22. Rxe1 Nxd5 23. Ne2 Nb4 24. Qb1 Bb7 25. Nc3 Nxd3 26. Qxd3 Nb6 27. Qg3 b4 28.
Nd5 Nxd5 29. exd5 Bxd5 30. Qg5 Rxe1+ 31. Bxe1 Bc6 32. f5 Qd7 33. fxg6 hxg6 34.
Nc4 Qxh3+ 35. Kg1 Qh5 36. Qxh5 gxh5 37. Nxd6 Rd8 38. Bg3 a5 39. Kh2 a4 40. bxa4
Bxa4 41. Ne4 c4 42. Nc5 Bc6 43. Be1 c3 44. Nb3 Rd1 45. Bg3 Bd5 46. Bf4 Bxb3 47.
axb3 c2 0-1

[Event "C.to Provinciale VA"]
[Site "Gallarate ITA"]
[Date "2007.01.21"]
[Round "3"]
[White "Cervini, Gian Piero"]
[Black "Benvenga, Salvatore"]
[Result "1/2-1/2"]
[WhiteElo "1792"]
[BlackElo "1817"]
[PlyCount "104"]
[EventDate "2007.01.20"]

1. e4 e5 2. Nf3 Nf6 3. d4 Nxe4 4. Bd3 d5 5. Nxe5 Nf6 6. Nc3 c6 7. Qe2 Be7 8.
Bg5 Nbd7 9. Nxd7 Nxd7 10. Bxe7 Qxe7 11. Qxe7+ Kxe7 12. O-O-O Kd6 13. Rhe1 Nf6
14. Re3 Bd7 15. h3 Rhe8 16. Rde1 Rxe3 17. Rxe3 Re8 18. Kd2 c5 19. Nb5+ Bxb5 20.
Bxb5 Rxe3 21. Kxe3 a6 22. dxc5+ Kxc5 23. Bd3 a5 24. g4 h6 25. Kf4 b5 26. h4 b4
27. g5 hxg5+ 28. hxg5 Nd7 29. Bh7 Kd6 30. Bg8 Ke7 31. g6 fxg6 32. Bxd5 Kf6 33.
c4 Nc5 34. Ke3 Ke5 35. f4+ Kd6 36. Bf7 Na4 37. a3 Nxb2 38. axb4 axb4 39. Kd4
Na4 40. Bxg6 Nc5 41. Bb1 Nb3+ 42. Kd3 Kc5 43. Kc2 Na5 44. Kd3 Nxc4 45. Ba2 Nd6
46. Ke3 Nc4+ 47. Kf3 b3 48. Bxb3 Nd2+ 49. Kg4 Nxb3 50. Kg5 Nd4 51. Kg6 Kd5 52.
Kxg7 Ne6+ 1/2-1/2

[Event "C.to Provinciale VA"]
[Site "Gallarate ITA"]
[Date "2007.01.21"]
[Round "3"]
[White "Cesarano, Marco"]
[Black "Brioschi, Camillo"]
[Result "1-0"]
[WhiteElo "1782"]
[BlackElo "2021"]
[PlyCount "79"]
[EventDate "2007.01.20"]

1. d4 Nf6 2. Nf3 d5 3. c4 e6 4. Nc3 Be7 5. Bg5 h6 6. Bh4 O-O 7. e3 b6 8. cxd5
exd5 9. Bd3 Be6 10. O-O Nbd7 11. Rc1 c5 12. Bb1 Rc8 13. Qd3 g6 14. Qe2 Nh5 15.
Bxe7 Qxe7 16. Rfd1 Nhf6 17. h3 Rfe8 18. Ne5 cxd4 19. exd4 Nf8 20. Qf3 Kg7 21.
a3 Rc7 22. Nb5 Rxc1 23. Rxc1 Rc8 24. Rxc8 Bxc8 25. Qc3 Be6 26. Nc6 Qd7 27.
Ncxa7 Bf5 28. Bxf5 Qxf5 29. Nd6 Qe6 30. Nab5 Ne4 31. Nxe4 Qxe4 32. b4 Ne6 33.
Qe3 Qb1+ 34. Kh2 Qe4 35. Qxe4 dxe4 36. a4 Kf6 37. a5 bxa5 38. bxa5 Nd8 39. a6
Nc6 40. d5 1-0

[Event "C.to Provinciale VA"]
[Site "Gallarate ITA"]
[Date "2007.01.21"]
[Round "3"]
[White "D'Aulisa, Francesco"]
[Black "Cardani, Roberto"]
[Result "0-1"]
[WhiteElo "1856"]
[BlackElo "1887"]
[PlyCount "77"]
[EventDate "2007.01.20"]

1. e4 c5 2. Nf3 d6 3. d4 cxd4 4. Nxd4 Nf6 5. Nc3 a6 6. Bd3 e6 7. O-O Be7 8. Nf3
Nbd7 9. b4 Qc7 10. Bd2 b6 11. Ne2 d5 12. Ng3 Bb7 13. Re1 dxe4 14. Nxe4 Nxe4 15.
Bxe4 Bxe4 16. Rxe4 Nf6 17. Re1 O-O 18. a3 b5 19. Rc1 Nd5 20. Qe2 Nb6 21. Ne5
Rac8 22. Qg4 Bf6 23. Bf4 Qe7 24. Bh6 Nc4 25. Nd3 Nxa3 26. Re3 Kh8 27. Nc5 Nc4
28. Rh3 gxh6 29. Rxh6 Bg5 30. Rxh7+ Kxh7 31. Qh5+ Bh6 32. Rd1 Qg5 33. Qh3 Rfd8
34. Re1 Qd2 35. Kf1 Qxc2 36. Ne4 Nd2+ 37. Nxd2 Rxd2 38. Qg4 Rxf2+ 39. Kg1 0-1

[Event "C.to Provinciale VA"]
[Site "Gallarate ITA"]
[Date "2007.01.21"]
[Round "3"]
[White "Lanza, Francesco Paolo"]
[Black "Novi', Giuseppe"]
[Result "0-1"]
[WhiteElo "1610"]
[BlackElo "1706"]
[PlyCount "40"]
[EventDate "2007.01.20"]

1. e4 e6 2. d4 d5 3. Nd2 c5 4. exd5 Qxd5 5. dxc5 Bxc5 6. Ngf3 Nf6 7. c4 Qf5 8.
Be2 O-O 9. O-O Rd8 10. Qe1 Nc6 11. a3 a5 12. b3 Nd4 13. Nxd4 Bxd4 14. Ra2 Bc3
15. Bf3 Ra6 16. Qe3 Bd4 17. Qe2 Rad6 18. Ne4 Nxe4 19. Bxe4 Qc5 20. Qh5 Qxh5 0-1

[Event "C.to Provinciale VA"]
[Site "Gallarate ITA"]
[Date "2007.01.27"]
[Round "4"]
[White "Brioschi, Camillo"]
[Black "Cervini, Gian Piero"]
[Result "1-0"]
[WhiteElo "2021"]
[BlackElo "1792"]
[PlyCount "59"]
[EventDate "2007.01.20"]

1. d4 Nf6 2. Nf3 g6 3. c4 Bg7 4. Nc3 d6 5. e4 O-O 6. Be2 e5 7. dxe5 dxe5 8.
Qxd8 Rxd8 9. Bg5 Re8 10. O-O-O Nc6 11. Nd5 Nxd5 12. cxd5 f6 13. Be3 Ne7 14. Nd2
Bd7 15. Nb3 Ba4 16. Kb1 Red8 17. Rd2 Bxb3 18. axb3 c6 19. d6 Nc8 20. Bc4+ Kh8
21. Rhd1 Bf8 22. d7 Nb6 23. Be6 Rab8 24. f4 Na8 25. Bxa7 Nc7 26. f5 Ra8 27. Bb6
Nxe6 28. fxe6 Bb4 29. Bxd8 Rxd8 30. Rd6 1-0

[Event "C.to Provinciale VA"]
[Site "Gallarate ITA"]
[Date "2007.01.27"]
[Round "4"]
[White "Cardani, Roberto"]
[Black "Benvenga, Salvatore"]
[Result "0-1"]
[WhiteElo "1887"]
[BlackElo "1817"]
[PlyCount "80"]
[EventDate "2007.01.20"]

1. e4 g6 2. d4 Bg7 3. Nc3 c6 4. Nf3 d5 5. h3 dxe4 6. Nxe4 Nf6 7. Nxf6+ exf6 8.
Bc4 Be6 9. Bb3 a5 10. c3 b5 11. a4 O-O 12. O-O Bd5 13. Bc2 Nd7 14. Bf4 Nb6 15.
axb5 cxb5 16. b3 Qc8 17. Bd6 Re8 18. Qd3 Qc6 19. Bc5 Nd7 20. Ba3 a4 21. Rfb1
Bh6 22. bxa4 Bc4 23. d5 Qc8 24. Qd4 Bg7 25. Bb4 f5 26. Qf4 Re2 27. Bd1 Re4 28.
Qd6 Ne5 29. axb5 Bxb5 30. Qc5 Bd3 31. Rb2 Nxf3+ 32. gxf3 Re1+ 33. Kh2 Be5+ 34.
f4 Bxf4+ 35. Kg2 Qe8 36. Rxa8 Qxa8 37. Ra2 Qe8 38. Qd4 Bf1+ 39. Kf3 Rxd1 40.
Qxf4 Rd3+ 0-1

[Event "C.to Provinciale VA"]
[Site "Gallarate ITA"]
[Date "2007.01.27"]
[Round "4"]
[White "Novi', Giuseppe"]
[Black "Centofante, Maria Rosa"]
[Result "1-0"]
[WhiteElo "1706"]
[BlackElo "1529"]
[PlyCount "39"]
[EventDate "2007.01.20"]

1. d4 Nf6 2. c4 c6 3. Nc3 d5 4. cxd5 Nxd5 5. e4 Nf6 6. Be3 e6 7. Nf3 Bb4 8. Bd3
Nbd7 9. O-O Qc7 10. Rc1 a6 11. Ne2 Be7 12. Bf4 Qd8 13. Ng3 O-O 14. Bb1 Nb6 15.
Qc2 g6 16. Rfd1 Bd7 17. Qb3 Qe8 18. Qxb6 Rb8 19. Bxb8 Qxb8 20. Ne5 1-0

[Event "C.to Provinciale VA"]
[Site "Gallarate ITA"]
[Date "2007.01.27"]
[Round "4"]
[White "Tomassoni, Leonardo"]
[Black "Cesarano, Marco"]
[Result "0-1"]
[WhiteElo "2024"]
[BlackElo "1782"]
[PlyCount "63"]
[EventDate "2007.01.20"]

1. e4 c5 2. Nf3 d6 3. d4 cxd4 4. Nxd4 Nf6 5. Nc3 g6 6. Bc4 Bg7 7. a4 O-O 8. O-O
Nc6 9. Nb3 Ne5 10. Be2 Be6 11. Kh1 Rc8 12. f4 Nc4 13. f5 Bd7 14. Qd4 Qb6 15.
fxg6 hxg6 16. Qd3 Ne5 17. Qg3 Qb4 18. Rf4 Be6 19. Bd2 Bxb3 20. cxb3 Qxb3 21.
Rh4 Qxb2 22. Rd1 Rc5 23. Rh3 Rfc8 24. Qe1 Qb6 25. Rb1 Qc7 26. Qh4 Qd8 27. Nd5
e6 28. Nxf6+ Bxf6 29. Qh7+ Kf8 30. Qh6+ Bg7 31. Qe3 b6 32. Rf1 0-1

[Event "C.to Provinciale VA"]
[Site "Gallarate ITA"]
[Date "2007.01.28"]
[Round "5"]
[White "Benvenga, Salvatore"]
[Black "Cesarano, Marco"]
[Result "0-1"]
[WhiteElo "1817"]
[BlackElo "1782"]
[PlyCount "114"]
[EventDate "2007.01.20"]

1. c4 f5 2. g3 g6 3. Bg2 Bg7 4. Nc3 Nf6 5. d3 O-O 6. Nf3 d6 7. Qb3 h6 8. Nh4
Kh7 9. Bxb7 Bxb7 10. Qxb7 Nbd7 11. Qg2 e5 12. Nf3 Rb8 13. Qh3 Nh5 14. Rb1 e4
15. dxe4 Bxc3+ 16. bxc3 Rxb1 17. O-O fxe4 18. Nd2 Rxc1 19. Rxc1 Nc5 20. Nb3 Qf6
21. Rf1 Nxb3 22. axb3 Qf5 23. Qh4 Nf6 24. Qf4 Qxf4 25. gxf4 Nh5 26. e3 Rf7 27.
Rd1 Nf6 28. h3 Re7 29. Ra1 c6 30. Ra6 Rc7 31. Kf1 Kg7 32. Ke2 Kf7 33. f3 exf3+
34. Kxf3 Ke6 35. e4 Nd7 36. b4 Nb6 37. c5 dxc5 38. bxc5 Nd7 39. Ra5 Rb7 40. Ke3
g5 41. fxg5 hxg5 42. Kd4 Ne5 43. Ra1 a5 44. Ke3 Rh7 45. Rh1 a4 46. Kd2 g4 47.
h4 Nf3+ 48. Ke3 Rxh4 49. Ra1 a3 50. Rxa3 Ne5 51. Kf4 Rh3 52. Ra8 Rf3+ 53. Kg5
g3 54. Ra1 Rf2 55. Kh4 g2 56. Kh3 Rf1 57. Ra8 g1=Q 0-1

[Event "C.to Provinciale VA"]
[Site "Gallarate ITA"]
[Date "2007.01.28"]
[Round "5"]
[White "Novi', Giuseppe"]
[Black "Cardani, Roberto"]
[Result "0-1"]
[WhiteElo "1706"]
[BlackElo "1887"]
[PlyCount "77"]
[EventDate "2007.01.20"]

1. d4 Nf6 2. c4 e6 3. Nf3 d5 4. Nc3 c6 5. Bg5 h6 6. Bxf6 Qxf6 7. e3 Nd7 8. Bd3
dxc4 9. Bxc4 Bb4 10. O-O Bxc3 11. bxc3 O-O 12. Nd2 e5 13. Ne4 Qe7 14. Qf3 Kh8
15. g4 Nb6 16. Bd3 f5 17. gxf5 Bxf5 18. Qg3 Rae8 19. f3 Nd5 20. Qe1 Bh3 21. Rf2
Qh4 22. Bf1 exd4 23. cxd4 Re7 24. Rd1 Ref7 25. Bxh3 Qxh3 26. f4 Re7 27. Ng3 Nf6
28. e4 Ng4 29. Re2 Nf6 30. Qc3 Rfe8 31. Qc5 Ng4 32. Qf5 g6 33. Qxg6 Rg8 34. Qh5
Qxh5 35. Nxh5 Ne5+ 36. Kf1 Nf3 37. Rde1 Rg1+ 38. Kf2 Rxe1 39. Kxf3 0-1

[Event "C.to Provinciale VA"]
[Site "Gallarate ITA"]
[Date "2007.01.28"]
[Round "5"]
[White "Schingaro, Angelo"]
[Black "Bertrecchi, Corrado"]
[Result "1-0"]
[WhiteElo "1728"]
[BlackElo "1416"]
[PlyCount "69"]
[EventDate "2007.01.20"]

1. e4 d6 2. d4 Nf6 3. Nc3 c6 4. g3 b5 5. Bg2 Bb7 6. Nge2 Qc7 7. O-O Nbd7 8. a3
a6 9. Re1 Rd8 10. d5 g6 11. dxc6 Bxc6 12. Nd5 Qb7 13. Nec3 a5 14. b4 a4 15. Bb2
Bg7 16. Qd3 Ne5 17. Qd1 O-O 18. Rb1 e6 19. Nxf6+ Bxf6 20. Qe2 Nc4 21. Nxa4 Nxb2
22. Nxb2 Bg7 23. Nd3 Rfe8 24. f4 Bd4+ 25. Kh1 f5 26. e5 Bxg2+ 27. Qxg2 Qc7 28.
exd6 Rxd6 29. Ne5 Bc3 30. Re2 Red8 31. Nd3 Rd5 32. Rxe6 Bxb4 33. axb4 Qf7 34.
Rbe1 R5d7 35. Qe2 1-0

[Event "C.to Provinciale VA"]
[Site "Gallarate ITA"]
[Date "2007.01.28"]
[Round "6"]
[White "Benvenga, Salvatore"]
[Black "Brioschi, Camillo"]
[Result "1-0"]
[WhiteElo "1817"]
[BlackElo "2021"]
[PlyCount "53"]
[EventDate "2007.01.20"]

1. e4 e5 2. Nf3 Nc6 3. Bb5 a6 4. Ba4 Nf6 5. d3 d6 6. h3 Be7 7. c3 b5 8. Bc2 O-O
9. O-O h6 10. Be3 Re8 11. Nbd2 Bf8 12. Re1 Bb7 13. d4 Nb8 14. a4 Nbd7 15. axb5
axb5 16. Rxa8 Qxa8 17. d5 c5 18. Nf1 Nb6 19. b4 Nc4 20. bxc5 Nxe3 21. Nxe3 dxc5
22. Qb1 Qa6 23. Qb2 Nh5 24. Ra1 Qg6 25. Qxb5 Bc8 26. Qxe8 Bxh3 27. Nxe5 1-0

[Event "C.to Provinciale VA"]
[Site "Gallarate ITA"]
[Date "2007.01.28"]
[Round "6"]
[White "Bertrecchi, Corrado"]
[Black "Novi', Giuseppe"]
[Result "0-1"]
[WhiteElo "1416"]
[BlackElo "1706"]
[PlyCount "86"]
[EventDate "2007.01.20"]

1. d4 Nf6 2. h3 b6 3. Bf4 Bb7 4. Nd2 e6 5. e3 Be7 6. c3 O-O 7. Ngf3 Na6 8. Bd3
c5 9. g4 cxd4 10. exd4 Nc7 11. Qc2 g6 12. Rg1 Ncd5 13. Bh2 Rc8 14. a3 d6 15. g5
Nh5 16. h4 Ndf4 17. Bf1 Qc7 18. Ne4 e5 19. Bxf4 Nxf4 20. Ned2 Bxf3 21. Nxf3 Qc6
22. Qd1 e4 23. Nh2 d5 24. Ng4 f6 25. Nh6+ Kg7 26. Qg4 fxg5 27. hxg5 Qe6 28. Qg3
Nd3+ 29. Bxd3 exd3+ 30. Qe5+ Qxe5+ 31. dxe5 Bxg5 32. Rxg5 Kxh6 33. Rg4 Rce8 34.
f4 Kh5 35. Rg5+ Kh4 36. O-O-O Rxf4 37. Rgg1 Re7 38. Rxd3 Kh5 39. Rxd5 Re4 40.
Rh1+ Kg4 41. Rg1+ Kf5 42. Rf1+ Ke6 43. Rf6+ Kxd5 0-1

[Event "C.to Provinciale VA"]
[Site "Gallarate ITA"]
[Date "2007.01.28"]
[Round "6"]
[White "Cervini, Gian Piero"]
[Black "Brighenti, Alessandro"]
[Result "0-1"]
[WhiteElo "1792"]
[BlackElo "1596"]
[PlyCount "80"]
[EventDate "2007.01.20"]

1. e4 e5 2. Nf3 Nc6 3. d4 exd4 4. Bc4 Nf6 5. O-O Nxe4 6. Re1 d5 7. Bxd5 Qxd5 8.
Nc3 Qa5 9. Nxe4 Be6 10. Neg5 Bb4 11. Bd2 O-O-O 12. Nxe6 fxe6 13. Rxe6 Qf5 14.
Re2 d3 15. cxd3 Rxd3 16. Qa4 Bxd2 17. Rxd2 Rhd8 18. Rxd3 Qxd3 19. Re1 Nd4 20.
Nxd4 Qxd4 21. Qxd4 Rxd4 22. Kf1 Kd7 23. Ke2 c5 24. Rd1 Rxd1 25. Kxd1 Kd6 26.
Kd2 b5 27. Kc3 Kd5 28. Kb3 c4+ 29. Kc3 a5 30. a3 g5 31. f3 h5 32. g3 h4 33. g4
Ke5 34. b4 axb4+ 35. axb4 Kf4 36. Kd4 Kxf3 37. Kc5 Kxg4 38. Kxb5 c3 39. Ka6 c2
40. b5 c1=Q 0-1

[Event "C.to Provinciale VA"]
[Site "Gallarate ITA"]
[Date "2007.01.28"]
[Round "6"]
[White "Cesarano, Marco"]
[Black "Schingaro, Angelo"]
[Result "1-0"]
[WhiteElo "1782"]
[BlackElo "1728"]
[PlyCount "43"]
[EventDate "2007.01.20"]

1. d4 Nf6 2. Nf3 g6 3. c4 Bg7 4. Nc3 O-O 5. e4 d6 6. Be2 e5 7. d5 Nbd7 8. Bg5
h6 9. Bh4 g5 10. Bg3 Nh5 11. h4 Nf4 12. hxg5 hxg5 13. Bxf4 exf4 14. Rh5 Bf6 15.
Qc2 Ne5 16. Nxe5 Bxe5 17. O-O-O Qf6 18. Rdh1 Bd7 19. Nb1 Qg6 20. Nd2 f5 21. Nf3
fxe4 22. Rxg5 1-0

[Event "C.to Provinciale VA"]
[Site "Gallarate ITA"]
[Date "2007.01.28"]
[Round "6"]
[White "Tomassoni, Leonardo"]
[Black "Cardani, Roberto"]
[Result "1-0"]
[WhiteElo "2024"]
[BlackElo "1887"]
[PlyCount "51"]
[EventDate "2007.01.20"]

1. e4 c5 2. Nf3 d6 3. d4 cxd4 4. Nxd4 Nf6 5. Nc3 a6 6. Be2 e5 7. Nb3 Be7 8. Be3
Be6 9. O-O O-O 10. f4 exf4 11. Bxf4 Nc6 12. Kh1 Ne5 13. Nd4 Rc8 14. Nxe6 fxe6
15. Qd4 Qc7 16. Rad1 Rfd8 17. Qb4 Nc6 18. Qb3 Ne5 19. Qxe6+ Kh8 20. Bg3 Qd7 21.
Qxd7 Rxd7 22. Bxe5 dxe5 23. Rxd7 Nxd7 24. Bg4 Rf8 25. Rxf8+ Nxf8 26. Bc8 1-0

[Event "C.to Provinciale LI"]
[Site "Livorno ITA"]
[Date "2007.01.14"]
[Round "2"]
[White "Pinto, Antonio"]
[Black "De Nadai, Daniele"]
[Result "1/2-1/2"]
[WhiteElo "1976"]
[BlackElo "1700"]
[PlyCount "81"]
[EventDate "2007.01.13"]

1. e4 c5 2. Nf3 g6 3. c3 Bg7 4. d4 cxd4 5. cxd4 Qb6 6. Nc3 d6 7. Nd5 Qd8 8. Be3
Nc6 9. Be2 Nf6 10. Nxf6+ Bxf6 11. O-O Bd7 12. d5 Ne5 13. Nd4 g5 14. Qd2 e6 15.
dxe6 fxe6 16. Nb5 Bxb5 17. Bxb5+ Kf8 18. f4 gxf4 19. Rxf4 Kg7 20. Raf1 Rf8 21.
R4f2 Ng4 22. Rf3 Nxe3 23. Qxe3 Qe7 24. b3 a6 25. Be2 Be5 26. Rxf8 Rxf8 27. Rxf8
Qxf8 28. Qg5+ Kh8 29. Qd2 Qf4 30. Qxf4 Bxf4 31. h3 Be3+ 32. Kf1 Kg7 33. Bg4 Kf6
34. Ke2 Bg5 35. Kd3 Ke5 36. a4 d5 37. exd5 exd5 38. Bc8 a5 39. Bxb7 Kd6 40. Bc8
Kc5 41. Bg4 1/2-1/2

[Event "C.to Provinciale LI"]
[Site "Livorno ITA"]
[Date "2007.01.14"]
[Round "3"]
[White "Cheli, Giancarlo"]
[Black "Pinto, Antonio"]
[Result "1/2-1/2"]
[WhiteElo "1915"]
[BlackElo "1976"]
[PlyCount "35"]
[EventDate "2007.01.13"]

1. e4 e6 2. d4 d5 3. Nc3 Bb4 4. a3 Bxc3+ 5. bxc3 dxe4 6. Qg4 Nf6 7. Qxg7 Rg8 8.
Qh6 Nbd7 9. Ne2 b6 10. Qd2 Bb7 11. Ng3 Qe7 12. Bc4 O-O-O 13. Qe2 c5 14. Ba6 e5
15. Bxb7+ Kxb7 16. Bb2 exd4 17. cxd4 cxd4 18. Bxd4 1/2-1/2

[Event "C.to Provinciale LI"]
[Site "Livorno ITA"]
[Date "2007.01.20"]
[Round "4"]
[White "Franceschi, Riccardo"]
[Black "Cheli, Giancarlo"]
[Result "1/2-1/2"]
[WhiteElo "2185"]
[BlackElo "1915"]
[PlyCount "57"]
[EventDate "2007.01.13"]

1. e4 c5 2. Nf3 d6 3. Bc4 Nc6 4. O-O Nf6 5. d3 Na5 6. Bb5+ Bd7 7. Bxd7+ Qxd7 8.
e5 dxe5 9. Nxe5 Qd5 10. Re1 e6 11. Nc3 Qd8 12. Qe2 Qc8 13. Ng4 Be7 14. Bg5 Qd8
15. Nxf6+ Bxf6 16. Bxf6 Qxf6 17. Qh5 Rc8 18. Nd5 Qg6 19. Qe5 Kd7 20. Nc3 Qf6
21. Qg3 Qg6 22. Qf4 Qf6 23. Qa4+ Nc6 24. Re4 Rhd8 25. Qb5 b6 26. Ra4 Rc7 27.
Ne4 Qg6 28. Re1 Ke7 29. c3 1/2-1/2

[Event "C.to Provinciale LI"]
[Site "Livorno ITA"]
[Date "2007.01.20"]
[Round "4"]
[White "Pinto, Antonio"]
[Black "Calisi, Elia"]
[Result "1-0"]
[WhiteElo "1976"]
[BlackElo "1867"]
[PlyCount "45"]
[EventDate "2007.01.13"]

1. e4 c6 2. d4 d5 3. exd5 cxd5 4. c4 Nf6 5. Nc3 dxc4 6. Bxc4 e6 7. Nf3 Be7 8.
O-O O-O 9. Re1 Re8 10. Bd3 Nc6 11. a3 Nd5 12. Bc2 Bf6 13. Qd3 g6 14. Bh6 Nde7
15. g4 Bxd4 16. Nxd4 Qxd4 17. Qg3 e5 18. Re4 Qb6 19. Rae1 f6 20. Na4 Qc7 21.
Qb3+ Kh8 22. Qf7 Nd5 23. Bg7# 1-0

[Event "C.to Provinciale LI"]
[Site "Livorno ITA"]
[Date "2007.01.21"]
[Round "6"]
[White "Carnio, Fortunato"]
[Black "Gazzarri, Leonardo"]
[Result "1/2-1/2"]
[WhiteElo "1612"]
[BlackElo "1773"]
[PlyCount "80"]
[EventDate "2007.01.13"]

1. e4 e5 2. Nf3 Nc6 3. Bc4 Nf6 4. Ng5 d5 5. exd5 b5 6. Bb3 Nd4 7. c3 Nxb3 8.
Qxb3 Qxd5 9. O-O Bb7 10. Qxd5 Bxd5 11. Re1 Bd6 12. d4 O-O 13. dxe5 Rfe8 14. Na3
Bxe5 15. Nc2 Bd6 16. Ne3 Bb7 17. Bd2 Rad8 18. Rad1 Nd5 19. g3 Nb6 20. Bc1 h6
21. Nh3 Bf3 22. Rd4 c5 23. Rd3 Nc4 24. Kf1 Ne5 25. Rd2 c4 26. Ng1 Be4 27. Red1
Nd3 28. Ne2 Bf3 29. b3 Re6 30. bxc4 bxc4 31. Nd4 Bxd1 32. Nxe6 Be2+ 33. Kxe2
Nxc1+ 34. Kd1 fxe6 35. Kxc1 Ba3+ 36. Kc2 Rc8 37. Rd4 Rf8 38. f4 Bc5 39. Re4
Bxe3 40. Rxe3 Kf7 1/2-1/2

[Event "C.to Provinciale LI"]
[Site "Livorno ITA"]
[Date "2007.01.21"]
[Round "6"]
[White "Gazzarri, Alberto"]
[Black "Pinto, Antonio"]
[Result "1-0"]
[WhiteElo "2108"]
[BlackElo "1976"]
[PlyCount "60"]
[EventDate "2007.01.13"]

1. e4 e6 2. d4 d5 3. e5 c5 4. c3 Nc6 5. Nf3 Bd7 6. Be2 f6 7. O-O fxe5 8. Nxe5
Nxe5 9. dxe5 Qc7 10. Bf4 O-O-O 11. Nd2 Ne7 12. Nf3 h6 13. Bd3 g6 14. Bg3 Bg7
15. Re1 Bc6 16. Qc2 Rhf8 17. Rad1 Nf5 18. b4 Nxg3 19. hxg3 b6 20. Qe2 Kb8 21.
b5 Bb7 22. a4 Qe7 23. Bxg6 Rd7 24. a5 h5 25. axb6 axb6 26. Ra1 h4 27. Qa2 Kc7
28. Qe2 Ra8 29. Rxa8 Bxa8 30. Ra1 Bb7 1-0

[Event "C.to Provinciale CS"]
[Site "Amantea ITA"]
[Date "2007.01.05"]
[Round "1"]
[White "Cannataro, Francesco"]
[Black "Marincolo, Piercarlo"]
[Result "0-1"]
[WhiteElo "1440"]
[BlackElo "1709"]
[PlyCount "48"]
[EventDate "2007.01.05"]

1. e4 e5 2. Nf3 Nc6 3. Bc4 Bc5 4. b4 Bxb4 5. c3 Ba5 6. d4 exd4 7. O-O Nge7 8.
cxd4 O-O 9. Qb3 h6 10. Be3 Bb6 11. Nc3 Na5 12. Qa4 Nxc4 13. Qxc4 d6 14. e5 d5
15. Qd3 Bf5 16. Qd2 c6 17. Bxh6 gxh6 18. Qxh6 Bg6 19. Rad1 Nf5 20. Qg5 Qxg5 21.
Nxg5 Bxd4 22. Rc1 Bxe5 23. Rfe1 Bf4 24. Rc2 Bxg5 0-1

[Event "C.to Provinciale CS"]
[Site "Amantea ITA"]
[Date "2007.01.05"]
[Round "1"]
[White "Cannataro, Luciano"]
[Black "Levato, Biagio"]
[Result "1-0"]
[WhiteElo "1876"]
[BlackElo "1519"]
[PlyCount "101"]
[EventDate "2007.01.05"]

1. d4 Nf6 2. c4 e6 3. Nc3 Bb4 4. Bd2 d5 5. e3 O-O 6. Nf3 b6 7. cxd5 exd5 8. Bd3
Bb7 9. O-O Nbd7 10. Ne2 Bxd2 11. Qxd2 c5 12. Ng3 Ne4 13. Qc2 Ndf6 14. Bxe4 Nxe4
15. dxc5 bxc5 16. Nxe4 dxe4 17. Rfd1 Qe7 18. Nd2 f5 19. Nc4 Rad8 20. Rac1 Rxd1+
21. Rxd1 Ba6 22. Qa4 Qe6 23. b3 Bxc4 24. bxc4 Qb6 25. Qd7 h6 26. h3 a5 27. Rd6
Qb1+ 28. Kh2 Qxa2 29. Qe6+ Kh8 30. Qe7 Kg8 31. Rd7 Qb2 32. Ra7 Qf6 33. Qxc5 f4
34. Qd5+ Kh8 35. Qxe4 Qd6 36. Qe7 Qf6 37. Qxf6 Rxf6 38. Rxa5 fxe3 39. fxe3 Rc6
40. c5 Kg8 41. Kg3 Kf7 42. Kf4 h5 43. Kg5 g6 44. Kf4 Ke7 45. Ke5 Re6+ 46. Kd4
Kf6 47. Rb5 Kf5 48. c6+ Kf6 49. c7 Rc6 50. Rc5 Rd6+ 51. Kc4 1-0